[Event "55th Rubinstein Memorial-A 2019"]
[Site "Polanica-Zdroj"]
[Date "2019.08.25"]
[Round "9.1"]
[White "Warakomski, Tomasz"]
[Black "Mis, Mieszko"]
[Result "1/2-1/2"]
[WhiteElo "2497"]
[BlackElo "2296"]
[Annotator "ChessBase"]
[PlyCount "80"]
[EventDate "2019.08.17"]
[EventType "swiss"]
[EventCountry "POL"]
[SourceTitle "playchess.com"]
[Source "ChessBase"]
[SourceQuality "1"]
[TimeControl "40/5400+30:1800+30"]

1. e4 {[%emt 0:03:58]} c6 {[%emt 0:00:00]} 2. Nc3 {[%emt 0:01:08]} d5 {[%emt 0:00:00]} 3. Nf3 {[%emt 0:00:07]} dxe4 {[%emt 0:04:38]} 4. Nxe4 {[%emt 0:00:06]} Nd7 {[%emt 0:00:03]} 5. Bc4 {[%emt 0:11:38]} e6 {[%emt 0:06:41]} 6. d4 {[%emt 0:04:05]} Ngf6 {[%emt 0:02:20]} 7. Qe2 {[%emt 0:04:02]} Nxe4 {[%emt 0:04:32]} 8. Qxe4 {[%emt 0:00:05]} Nf6 {[%emt 0:00:04]} 9. Qe2 {[%emt 0:00:02]} Bd6 {[%emt 0:03:00]} 10. Ne5 {[%emt 0:08:03]} Qc7 {[%emt 0:04:22]} 11. f4 {[%emt 0:00:45]} b5 {[%emt 0:14:47]} 12. Bd3 {[%emt 0:02:09]} a6 {[%emt 0:00:41]} 13. Bd2 {[%emt 0:06:18]} c5 {[%emt 0:11:44]} 14. dxc5 {[%emt 0:02:18]} Qxc5 {[%emt 0:00:10]} 15. a4 {[%emt 0:17:43]} bxa4 {[%emt 0:15:15]} 16. Rxa4 {[%emt 0:00:11]} O-O {[%emt 0:01:35]} 17. Be3 {[%emt 0:05:22]} Qc7 {[%emt 0:03:00]} 18. O-O {[%emt 0:03:17]} Bb7 {[%emt 0:02:59]} 19. Rc4 {[%emt 0:05:50]} Qe7 {[%emt 0:00:40]} 20. Bd4 {[%emt 0:05:12]} Rfc8 {[%emt 0:07:14]} 21. Qe3 {[%emt 0:05:07]} h6 {[%emt 0:01:38]} 22. c3 {[%emt 0:02:09]} Rab8 {[%emt 0:02:48]} 23. Ra1 {[%emt 0:03:36]} Nd5 {[%emt 0:05:50]} 24. Qg3 {[%emt 0:01:26]} Nf6 {[%emt 0:00:38]} 25. Rxc8+ {[%emt 0:03:22]} Rxc8 {[%emt 0:00:06]} 26. Ng4 {[%emt 0:00:09]} Nxg4 {[%emt 0:01:54]} 27. Qxg4 {[%emt 0:00:01]} f5 {[%emt 0:00:48]} 28. Qe2 {[%emt 0:00:25]} Bxf4 {[%emt 0:02:33]} 29. Bxf5 {[%emt 0:01:00]} Re8 {[%emt 0:01:16]} 30. Be4 {[%emt 0:03:40]} Bxh2+ {[%emt 0:02:20]} 31. Kxh2 {[%emt 0:00:03]} Qh4+ {[%emt 0:00:02]} 32. Kg1 {[%emt 0:00:03]} Qxe4 {[%emt 0:01:21]} 33. Qxe4 {[%emt 0:00:04]} Bxe4 {[%emt 0:00:01]} 34. Rxa6 {[%emt 0:00:05]} e5 {[%emt 0:00:16]} 35. Be3 {[%emt 0:00:18]} Ra8 {[%emt 0:00:45]} 36. Rb6 {[%emt 0:02:20]} Ra1+ {[%emt 0:01:08]} 37. Kf2 {[%emt 0:00:04]} Rh1 {[%emt 0:00:30]} 38. Bc5 {[%emt 0:00:08]} Rh2 {[%emt 0:00:22]} 39. Bd6 {[%emt 0:00:00]} Rxg2+ {[%emt 0:00:00]} 40. Ke3 {[%emt 0:00:00]} Bd5 {[%emt 0:00:00] Ke4} 1/2-1/2

[Event "55th Rubinstein Memorial-A 2019"]
[Site "Polanica-Zdroj"]
[Date "2019.08.25"]
[Round "9.2"]
[White "Kozak, Antoni"]
[Black "Oglaza, Oskar"]
[Result "1/2-1/2"]
[WhiteElo "2354"]
[BlackElo "2367"]
[Annotator "NA"]
[PlyCount "60"]
[EventDate "2019.08.17"]
[EventType "swiss"]
[EventCountry "POL"]
[SourceTitle "playchess.com"]
[Source "ChessBase"]
[SourceQuality "1"]
[TimeControl "40/5400+30:1800+30"]

1. d4 {[%emt 0:00:00]} Nf6 {[%emt 0:00:00]} 2. c4 {[%emt 0:00:00]} e6 {[%emt 0:00:00]} 3. Nc3 {[%emt 0:02:18]} Bb4 {[%emt 0:00:00]} 4. Qc2 {[%emt 0:00:07]} O-O {[%emt 0:00:00]} 5. Bg5 {[%emt 0:00:55]} c5 {[%emt 0:05:59]} 6. dxc5 {[%emt 0:00:14]} Na6 {[%emt 0:00:04]} 7. a3 {[%emt 0:07:53]} Bxc3+ {[%emt 0:00:07]} 8. Qxc3 {[%emt 0:00:05]} Nxc5 {[%emt 0:00:03]} 9. Bxf6 {[%emt 0:00:26]} Qxf6 {[%emt 0:00:05]} 10. Qxf6 {[%emt 0:00:03]} gxf6 {[%emt 0:00:05]} 11. b4 {[%emt 0:00:04]} Na4 {[%emt 0:04:22]} 12. Nf3 {[%emt 0:12:58]} a5 {[%emt 0:09:45]} 13. e3 {[%emt 0:00:13]} b6 {[%emt 0:00:54]} 14. Be2 {[%emt 0:00:49]} Rd8 {[%emt 0:32:01]} 15. Kd2 Bb7 {[%emt 0:06:41]} 16. Kc2 {[%emt 0:09:38]} Rdc8 {[%emt 0:09:43]} 17. Nd4 {[%emt 0:07:30]} d5 {[%emt 0:20:39]} 18. Kb3 {[%emt 0:01:12]} axb4 {[%emt 0:00:03]} 19. axb4 {[%emt 0:00:05]} dxc4+ {[%emt 0:00:03]} 20. Bxc4 {[%emt 0:00:05]} Bd5 {[%emt 0:00:01]} 21. Bxd5 {[%emt 0:03:58]} Rc3+ {[%emt 0:00:03]} 22. Ka2 {[%emt 0:00:03]} exd5 {[%emt 0:00:11]} 23. Rhc1 {[%emt 0:02:49]} Rd3 {[%emt 0:00:28]} 24. Rc2 {[%emt 0:07:27]} Nc3+ {[%emt 0:01:39]} 25. Kb2 {[%emt 0:00:03]} Nd1+ {[%emt 0:00:16]} 26. Kb1 {[%emt 0:00:02]} Nc3+ {[%emt 0:00:26]} 27. Kb2 {[%emt 0:00:04]} Nd1+ {[%emt 0:00:08]} 28. Kb1 {[%emt 0:00:06]} Nc3+ {[%emt 0:00:06]} 29. Kb2 {[%emt 0:00:02]} Nd1+ {[%emt 0:00:06]} 30. Kb1 {[%emt 0:00:02]} Nc3+ {[%emt 0:00:05]} 1/2-1/2

[Event "55th Rubinstein Memorial-A 2019"]
[Site "Polanica-Zdroj"]
[Date "2019.08.25"]
[Round "9.3"]
[White "Psyk, Radoslaw"]
[Black "Goluch, Piotr"]
[Result "1/2-1/2"]
[WhiteElo "2326"]
[BlackElo "2418"]
[Annotator "NA"]
[PlyCount "145"]
[EventDate "2019.08.17"]
[EventType "swiss"]
[EventCountry "POL"]
[SourceTitle "playchess.com"]
[Source "ChessBase"]
[SourceQuality "1"]
[TimeControl "40/5400+30:1800+30"]

1. e4 {[%emt 0:01:18]} c5 {[%emt 0:00:00]} 2. Nc3 {[%emt 0:04:51]} Nc6 {[%emt 0:00:25]} 3. f4 {[%emt 0:00:56]} g6 {[%emt 0:00:05]} 4. Nf3 Bg7 {[%emt 0:00:03]} 5. Bb5 {[%emt 0:09:20]} Nd4 {[%emt 0:04:06]} 6. O-O {[%emt 0:05:26]} Nxb5 {[%emt 0:06:44]} 7. Nxb5 {[%emt 0:00:14]} d6 {[%emt 0:06:35]} 8. Qe1 {[%emt 0:01:33]} Nh6 {[%emt 0:07:56]} 9. d3 {[%emt 0:05:05]} f5 $11 {[%emt 0:07:49]} 10. Bd2 {[%emt 0:18:01]} O-O {[%emt 0:05:59]} 11. Bc3 {[%emt 0:03:12]} a6 {[%emt 0:00:26]} 12. Bxg7 {[%emt 0:00:20]} Kxg7 {[%emt 0:00:03]} 13. Nc3 {[%emt 0:00:56]} e6 {[%emt 0:00:17]} 14. Rd1 {[%emt 0:07:53]} Bd7 {[%emt 0:00:17]} 15. d4 {[%emt 0:00:59]} cxd4 {[%emt 0:02:16]} 16. Rxd4 {[%emt 0:02:12]} Qb6 {[%emt 0:02:14]} 17. Kh1 {[%emt 0:00:01]} Rad8 {[%emt 0:09:37]} 18. Qd2 {[%emt 0:02:04]} Nf7 {[%emt 0:00:51]} 19. b3 {[%emt 0:16:27]} Bc6 {[%emt 0:02:15]} 20. exf5 {[%emt 0:01:57]} gxf5 {[%emt 0:00:21]} 21. Rd3 {[%emt 0:00:13]} Kh8 {[%emt 0:05:02]} 22. Re1 {[%emt 0:01:09]} Rde8 {[%emt 0:02:26]} 23. Ng5 {[%emt 0:04:06]} Nxg5 {[%emt 0:11:01]} 24. fxg5 {[%emt 0:00:01]} d5 {[%emt 0:00:45]} 25. Rh3 {[%emt 0:01:41]} Rg8 {[%emt 0:04:41]} 26. Qf4 {[%emt 0:00:08]} Rg7 {[%emt 0:01:38]} 27. Rh6 {[%emt 0:03:24]} d4 {[%emt 0:05:15]} 28. Ne2 {[%emt 0:02:53]} e5 {[%emt 0:00:04]} 29. Qh4 {[%emt 0:00:01]} Qd8 {[%emt 0:06:18]} 30. Ng3 {[%emt 0:00:41]} Reg8 {[%emt 0:02:33]} 31. Rxe5 {[%emt 0:04:09]} Qxg5 {[%emt 0:00:04]} 32. Qxg5 {[%emt 0:02:46]} Rxg5 {[%emt 0:00:05]} 33. Rf6 {[%emt 0:00:04]} Be4 {[%emt 0:04:13]} 34. Rd6 {[%emt 0:00:29]} Bxc2 {[%emt 0:01:47]} 35. Rxd4 {[%emt 0:00:07]} R5g7 {[%emt 0:00:36]} 36. Rd2 {[%emt 0:01:03]} Rc7 {[%emt 0:00:08]} 37. Re1 {[%emt 0:01:19]} Be4 {[%emt 0:02:16]} 38. Nxe4 {[%emt 0:00:07]} fxe4 {[%emt 0:00:04]} 39. Kg1 {[%emt 0:00:19]} Re8 {[%emt 0:00:07]} 40. Rde2 {[%emt 0:00:00]} Rce7 {[%emt 0:00:00]} 41. Kf2 {[%emt 0:06:51]} Kg7 {[%emt 0:01:38]} 42. Ke3 {[%emt 0:00:39]} Rd8 {[%emt 0:00:11]} 43. Rc1 {[%emt 0:04:00]} Kg6 {[%emt 0:05:00]} 44. Rd2 {[%emt 0:02:02]} Rxd2 {[%emt 0:00:51]} 45. Kxd2 {[%emt 0:00:02]} Rd7+ {[%emt 0:00:27]} 46. Ke3 {[%emt 0:00:22]} Rd3+ {[%emt 0:00:02]} 47. Ke2 {[%emt 0:00:59]} Rd7 {[%emt 0:06:16]} 48. Rd1 {[%emt 0:05:41]} Rc7 {[%emt 0:00:50]} 49. Ke3 {[%emt 0:00:40]} Kf5 {[%emt 0:02:28]} 50. Rd5+ {[%emt 0:00:39]} Ke6 {[%emt 0:00:11]} 51. Rh5 {[%emt 0:00:36]} Rc2 {[%emt 0:00:35]} 52. g3 {[%emt 0:02:12]} Rxa2 {[%emt 0:00:34]} 53. Rxh7 {[%emt 0:00:26]} Rb2 {[%emt 0:02:40]} 54. Rxb7 {[%emt 0:00:34]} Rxh2 {[%emt 0:00:05]} 55. Rb6+ {[%emt 0:01:54]} Kd5 {[%emt 0:03:24]} 56. Rxa6 {[%emt 0:00:12]} Rg2 {[%emt 0:02:59]} 57. Ra5+ {[%emt 0:01:42]} Kd6 {[%emt 0:00:04]} 58. Rg5 {[%emt 0:01:45]} Rb2 {[%emt 0:00:26]} 59. Kxe4 {[%emt 0:01:54]} Rxb3 {[%emt 0:00:05]} 60. Kf5 {[%emt 0:00:05]} Ke7 {[%emt 0:00:20]} 61. Kg6 {[%emt 0:00:09]} Kf8 {[%emt 0:00:19]} 62. Kh7 {[%emt 0:00:16]} Rf3 {[%emt 0:01:13]} 63. Rg7 {[%emt 0:03:47]} Rf1 {[%emt 0:00:59]} 64. Ra7 {[%emt 0:01:33]} Rg1 {[%emt 0:02:48]} 65. Ra3 {[%emt 0:00:02]} Rh1+ {[%emt 0:00:05]} 66. Kg6 {[%emt 0:00:10]} Rg1 {[%emt 0:00:11]} 67. Kh7 {[%emt 0:05:13]} Rh1+ {[%emt 0:00:06]} 68. Kg6 {[%emt 0:00:03]} Rg1 {[%emt 0:00:04]} 69. Kf6 {[%emt 0:00:26]} Rf1+ {[%emt 0:00:11]} 70. Kg5 {[%emt 0:00:31]} Kg7 {[%emt 0:00:20]} 71. Ra7+ {[%emt 0:00:04]} Kg8 {[%emt 0:00:29]} 72. Kg6 {[%emt 0:00:14]} Rf8 {[%emt 0:00:14]} 73. Rg7+ {[%emt 0:00:04]} 1/2-1/2

[Event "55th Rubinstein Memorial-A 2019"]
[Site "Polanica-Zdroj"]
[Date "2019.08.25"]
[Round "9.4"]
[White "Lewtak, Damian"]
[Black "Marszalek, Maciej"]
[Result "1/2-1/2"]
[WhiteElo "2354"]
[BlackElo "2295"]
[Annotator "NA"]
[PlyCount "138"]
[EventDate "2019.08.17"]
[EventType "swiss"]
[EventCountry "POL"]
[SourceTitle "playchess.com"]
[Source "ChessBase"]
[SourceQuality "1"]
[TimeControl "40/5400+30:1800+30"]

1. e4 {[%emt 0:00:00]} e5 {[%emt 0:00:00]} 2. Nf3 {[%emt 0:00:00]} Nc6 {[%emt 0:00:05]} 3. Bb5 {[%emt 0:00:41]} a6 {[%emt 0:00:14]} 4. Bxc6 {[%emt 0:00:17]} dxc6 {[%emt 0:00:12]} 5. O-O {[%emt 0:00:27]} f6 {[%emt 0:00:22]} 6. d4 {[%emt 0:00:14]} Bg4 {[%emt 0:00:48]} 7. dxe5 {[%emt 0:02:37]} Qxd1 {[%emt 0:00:28]} 8. Rxd1 {[%emt 0:00:05]} fxe5 {[%emt 0:00:30]} 9. Nbd2 {[%emt 0:06:14]} Rd8 {[%emt 0:04:29]} 10. Re1 {[%emt 0:00:13]} Bd6 {[%emt 0:00:31]} 11. Nc4 {[%emt 0:04:45]} Bxf3 {[%emt 0:09:08]} 12. gxf3 {[%emt 0:00:09]} Ne7 {[%emt 0:01:59]} 13. f4 {[%emt 0:05:13]} exf4 {[%emt 0:04:00]} 14. Nxd6+ {[%emt 0:00:39]} cxd6 {[%emt 0:03:40]} 15. Bxf4 {[%emt 0:00:16]} Ng6 {[%emt 0:01:00]} 16. Bg3 {[%emt 0:01:46]} h5 {[%emt 0:01:35]} 17. Rad1 {[%emt 0:02:12]} Ke7 {[%emt 0:00:34]} 18. h4 {[%emt 0:07:48]} Rhf8 {[%emt 0:03:50]} 19. Re2 {[%emt 0:00:57]} Nf4 {[%emt 0:07:23]} 20. Re3 {[%emt 0:05:01]} Ke6 {[%emt 0:12:01]} 21. f3 {[%emt 0:01:40]} Rd7 {[%emt 0:01:50]} 22. Kf2 {[%emt 0:06:29]} Nh3+ {[%emt 0:05:51]} 23. Kf1 {[%emt 0:04:08]} Nf4 {[%emt 0:00:31]} 24. c4 {[%emt 0:03:35]} Rf6 {[%emt 0:10:04]} 25. e5 {[%emt 0:10:18]} dxe5 {[%emt 0:01:49]} 26. Rxe5+ {[%emt 0:00:46]} Kxe5 {[%emt 0:00:01]} 27. Rxd7 {[%emt 0:00:07]} b5 {[%emt 0:02:44]} 28. Re7+ {[%emt 0:11:47]} Kf5 {[%emt 0:00:50]} 29. Rxg7 {[%emt 0:04:30]} Ne6 {[%emt 0:02:43]} 30. Ra7 {[%emt 0:01:08]} Kg6 {[%emt 0:05:29]} 31. Kg2 {[%emt 0:02:47]} Nf4+ {[%emt 0:00:42]} 32. Bxf4 {[%emt 0:06:36]} Rxf4 {[%emt 0:00:02]} 33. b3 {[%emt 0:01:09]} bxc4 {[%emt 0:03:48]} 34. Rxa6 {[%emt 0:00:18]} cxb3 {[%emt 0:00:34]} 35. Rxc6+ {[%emt 0:00:21]} Kf5 {[%emt 0:01:24]} 36. axb3 {[%emt 0:00:20]} Rb4 {[%emt 0:00:09]} 37. Kg3 {[%emt 0:06:10]} Rxb3 {[%emt 0:01:08]} 38. Rh6 {[%emt 0:00:09]} Rb4 {[%emt 0:00:59]} 39. Rxh5+ {[%emt 0:00:07]} Kf6 {[%emt 0:00:23]} 40. Rh8 {[%emt 0:00:00]} Kg7 {[%emt 0:00:00]} 41. Re8 {[%emt 0:00:17]} Kg6 {[%emt 0:00:53]} 42. Re4 {[%emt 0:02:48]} Rb1 {[%emt 0:00:27]} 43. Kf4 {[%emt 0:00:37]} Rb6 {[%emt 0:03:40]} 44. Rd4 {[%emt 0:01:46]} Rb5 {[%emt 0:00:57]} 45. Kg4 {[%emt 0:00:57]} Rb1 {[%emt 0:01:08]} 46. Rd6+ {[%emt 0:00:23]} Kg7 {[%emt 0:00:03]} 47. f4 {[%emt 0:00:42]} Rg1+ {[%emt 0:00:07]} 48. Kf5 {[%emt 0:00:43]} Rh1 {[%emt 0:00:04]} 49. Rd7+ {[%emt 0:02:33]} Kh6 {[%emt 0:00:57]} 50. Ke6 {[%emt 0:02:26]} Rxh4 {[%emt 0:01:34]} 51. f5 {[%emt 0:02:59]} Re4+ {[%emt 0:03:34]} 52. Kf7 {[%emt 0:01:44]} Ra4 {[%emt 0:00:06]} 53. Re7 {[%emt 0:08:05]} Ra1 {[%emt 0:01:45]} 54. f6 {[%emt 0:07:19]} Ra8 {[%emt 0:01:46]} 55. Re8 {[%emt 0:00:26]} Ra7+ {[%emt 0:00:07]} 56. Ke6 {[%emt 0:02:31]} Ra6+ {[%emt 0:00:53]} 57. Kf5 {[%emt 0:00:22]} Ra5+ {[%emt 0:00:36]} 58. Re5 {[%emt 0:00:34]} Ra6 {[%emt 0:00:38]} 59. Rd5 {[%emt 0:00:54]} Rb6 {[%emt 0:02:25]} 60. Rd8 {[%emt 0:00:41]} Rb5+ {[%emt 0:00:44]} 61. Ke6 {[%emt 0:00:10]} Rb6+ {[%emt 0:00:34]} 62. Rd6 {[%emt 0:01:48]} Rb7 {[%emt 0:02:20]} 63. Rd7 {[%emt 0:00:18]} Rb8 {[%emt 0:03:29]} 64. Rd1 {[%emt 0:01:29]} Rb6+ {[%emt 0:00:08]} 65. Ke7 {[%emt 0:00:17]} Rb7+ {[%emt 0:00:14]} 66. Ke8 {[%emt 0:01:29]} Kg6 {[%emt 0:01:14]} 67. Rd6 {[%emt 0:00:17]} Rf7 {[%emt 0:00:09]} 68. Re6 {[%emt 0:00:09]} Rxf6 {[%emt 0:00:07]} 69. Rxf6+ {[%emt 0:00:02]} Kxf6 {[%emt 0:00:01]} 1/2-1/2

[Event "55th Rubinstein Memorial-A 2019"]
[Site "Polanica-Zdroj"]
[Date "2019.08.25"]
[Round "9.5"]
[White "Grabarczyk, Miroslaw"]
[Black "Shishkin, Vadim"]
[Result "1/2-1/2"]
[WhiteElo "2362"]
[BlackElo "2445"]
[Annotator "NA"]
[PlyCount "68"]
[EventDate "2019.08.17"]
[EventType "swiss"]
[EventCountry "POL"]
[SourceTitle "playchess.com"]
[Source "ChessBase"]
[SourceQuality "1"]
[TimeControl "40/5400+30:1800+30"]

1. d4 {[%emt 0:00:00]} d5 {[%emt 0:00:00]} 2. c4 {[%emt 0:00:00]} e6 {[%emt 0:00:07]} 3. Nf3 {[%emt 0:00:46]} c6 {[%emt 0:00:07]} 4. Qc2 {[%emt 0:02:18]} dxc4 {[%emt 0:05:01]} 5. Qxc4 {[%emt 0:00:24]} b5 {[%emt 0:00:28]} 6. Qc2 {[%emt 0:04:26]} Bb7 {[%emt 0:01:44]} 7. Nbd2 {[%emt 0:04:43]} Nd7 {[%emt 0:02:28]} 8. Nb3 {[%emt 0:03:03]} Ngf6 {[%emt 0:04:49]} 9. Bd2 {[%emt 0:05:40]} a5 {[%emt 0:01:20]} 10. e4 {[%emt 0:10:32]} b4 {[%emt 0:08:30]} 11. Nc5 {[%emt 0:05:52]} Nxc5 {[%emt 0:02:37]} 12. dxc5 {[%emt 0:00:08]} Nd7 $11 {[%emt 0:01:08]} 13. Be3 {[%emt 0:00:41]} Be7 {[%emt 0:12:48]} 14. Be2 {[%emt 0:01:19]} Ba6 {[%emt 0:03:06]} 15. Bxa6 {[%emt 0:03:35]} Rxa6 {[%emt 0:00:05]} 16. O-O {[%emt 0:01:05]} Qc7 {[%emt 0:02:32]} 17. a3 {[%emt 0:05:06]} bxa3 {[%emt 0:02:26]} 18. Rxa3 {[%emt 0:00:12]} O-O {[%emt 0:02:38]} 19. b4 {[%emt 0:10:13]} Rb8 {[%emt 0:11:40]} 20. Bd2 {[%emt 0:03:01]} Qb7 {[%emt 0:09:37]} 21. Rxa5 {[%emt 0:03:51]} Rxa5 {[%emt 0:00:08]} 22. bxa5 {[%emt 0:00:05]} Bxc5 {[%emt 0:07:54]} 23. Rc1 {[%emt 0:05:19]} Qa7 {[%emt 0:00:50]} 24. Be1 {[%emt 0:01:01]} f6 {[%emt 0:01:34]} 25. g3 {[%emt 0:08:18]} h6 {[%emt 0:03:15]} 26. Kg2 {[%emt 0:02:48]} Rb5 {[%emt 0:00:38]} 27. Bc3 {[%emt 0:02:28]} Kf7 {[%emt 0:01:19]} 28. Rd1 {[%emt 0:02:51]} Rb7 {[%emt 0:03:21]} 29. Nd4 {[%emt 0:05:27]} Bxd4 {[%emt 0:01:13]} 30. Rxd4 {[%emt 0:01:45]} Nb8 {[%emt 0:06:27]} 31. Rb4 {[%emt 0:04:35]} Rxb4 {[%emt 0:01:30]} 32. Bxb4 {[%emt 0:00:04]} Na6 {[%emt 0:00:11]} 33. Bd2 {[%emt 0:02:04]} c5 {[%emt 0:01:43]} 34. Qc4 {[%emt 0:02:28]} Qb7 {[%emt 0:01:06]} 1/2-1/2

[Event "55th Rubinstein Memorial-A 2019"]
[Site "Polanica-Zdroj"]
[Date "2019.08.25"]
[Round "9.6"]
[White "Cukrowski, Filip"]
[Black "Goslawski, Michal"]
[Result "1-0"]
[WhiteElo "2424"]
[BlackElo "2160"]
[Annotator "NA"]
[PlyCount "115"]
[EventDate "2019.08.17"]
[EventType "swiss"]
[EventCountry "POL"]
[SourceTitle "playchess.com"]
[Source "ChessBase"]
[SourceQuality "1"]
[TimeControl "40/5400+30:1800+30"]

1. e4 {[%emt 0:00:00]} e5 {[%emt 0:00:00]} 2. Nf3 {[%emt 0:00:00]} Nf6 {[%emt 0:00:00]} 3. Nxe5 {[%emt 0:00:00]} d6 {[%emt 0:00:00]} 4. Nf3 {[%emt 0:00:00]} Nxe4 {[%emt 0:00:00]} 5. d4 {[%emt 0:00:02]} d5 {[%emt 0:00:00]} 6. Bd3 {[%emt 0:00:04]} Nc6 {[%emt 0:00:05]} 7. O-O {[%emt 0:00:35]} Be7 {[%emt 0:03:08]} 8. c4 {[%emt 0:01:59]} Nf6 {[%emt 0:00:12]} 9. Nc3 {[%emt 0:15:45]} O-O {[%emt 0:11:46]} 10. h3 {[%emt 0:17:41]} Nb4 {[%emt 0:00:08]} 11. Be2 {[%emt 0:00:06]} dxc4 {[%emt 0:00:09]} 12. Bxc4 {[%emt 0:00:07]} Nbd5 {[%emt 0:01:56]} 13. Bg5 {[%emt 0:01:10]} c6 $11 {[%emt 0:02:40]} 14. Re1 {[%emt 0:05:11]} Be6 {[%emt 0:04:34]} 15. Qb3 {[%emt 0:08:48]} Rb8 {[%emt 0:02:23]} 16. Rac1 {[%emt 0:06:53]} Nxc3 {[%emt 0:11:35]} 17. Bxe6 {[%emt 0:01:49]} Ncd5 {[%emt 0:00:07]} 18. Bxd5 {[%emt 0:09:04]} Nxd5 {[%emt 0:04:45]} 19. Bxe7 {[%emt 0:00:27]} Nxe7 {[%emt 0:00:21]} 20. Qa3 {[%emt 0:00:08]} Nc8 {[%emt 0:06:17]} 21. Ne5 {[%emt 0:00:03]} Nd6 {[%emt 0:02:55]} 22. d5 {[%emt 0:07:16]} cxd5 {[%emt 0:00:21]} 23. Rcd1 {[%emt 0:00:20]} Nb5 {[%emt 0:03:46]} 24. Qc5 {[%emt 0:00:57]} Nc7 {[%emt 0:04:25]} 25. Qxa7 {[%emt 0:00:04]} Qd6 {[%emt 0:01:58]} 26. Qa4 {[%emt 0:02:49]} Rbe8 {[%emt 0:11:36]} 27. Nf3 {[%emt 0:00:39]} Rxe1+ {[%emt 0:05:25]} 28. Rxe1 {[%emt 0:00:04]} Ne6 {[%emt 0:00:49]} 29. Rd1 {[%emt 0:00:25]} Rd8 {[%emt 0:00:23]} 30. Nd4 {[%emt 0:04:42]} Qd7 {[%emt 0:00:57]} 31. Qxd7 {[%emt 0:03:14]} Rxd7 {[%emt 0:00:06]} 32. Kf1 {[%emt 0:00:04]} Kf8 {[%emt 0:03:25]} 33. Ke2 {[%emt 0:00:24]} Nxd4+ {[%emt 0:04:00]} 34. Rxd4 {[%emt 0:00:06]} Ke7 {[%emt 0:00:09]} 35. Kd2 {[%emt 0:04:51]} Kd6 {[%emt 0:00:24]} 36. a4 {[%emt 0:00:12]} Rc7 {[%emt 0:01:24]} 37. Rb4 {[%emt 0:00:50]} Kc6 {[%emt 0:03:33]} 38. Rb3 {[%emt 0:03:16]} Re7 {[%emt 0:00:54]} 39. Re3 {[%emt 0:01:30]} Rd7 {[%emt 0:00:40]} 40. Rc3+ {[%emt 0:00:00]} Kd6 {[%emt 0:00:00]} 41. b4 {[%emt 0:05:46]} Re7 {[%emt 0:02:00]} 42. f3 {[%emt 0:01:09]} g5 {[%emt 0:00:54]} 43. a5 {[%emt 0:01:31]} f5 {[%emt 0:03:53]} 44. b5 {[%emt 0:00:50]} h5 {[%emt 0:09:30]} 45. a6 {[%emt 0:02:07]} bxa6 {[%emt 0:00:41]} 46. bxa6 {[%emt 0:00:04]} Ra7 {[%emt 0:00:38]} 47. Ra3 {[%emt 0:00:04]} Ke5 {[%emt 0:14:11]} 48. Ke3 {[%emt 0:00:07]} d4+ {[%emt 0:00:31]} 49. Kd3 {[%emt 0:00:19]} h4 {[%emt 0:00:58]} 50. Ra2 {[%emt 0:00:58]} Kf4 {[%emt 0:00:24]} 51. Kxd4 {[%emt 0:01:20]} Rd7+ {[%emt 0:02:05]} 52. Kc5 {[%emt 0:00:04]} Kg3 {[%emt 0:00:51]} 53. a7 {[%emt 0:00:42]} Rxa7 {[%emt 0:00:26]} 54. Rxa7 {[%emt 0:00:04]} Kxg2 {[%emt 0:00:23]} 55. Rg7 {[%emt 0:00:04]} Kxf3 {[%emt 0:01:30]} 56. Rxg5 {[%emt 0:00:05]} Kf4 {[%emt 0:01:15]} 57. Rg8 {[%emt 0:00:12]} Kf3 {[%emt 0:02:19]} 58. Kd4 {[%emt 0:00:16] Ke4+ Kxe4} 1-0

[Event "55th Rubinstein Memorial-A 2019"]
[Site "Polanica-Zdroj"]
[Date "2019.08.25"]
[Round "9.7"]
[White "Luba, Lukasz"]
[Black "Kosakowski, Jakub"]
[Result "0-1"]
[WhiteElo "2130"]
[BlackElo "2401"]
[Annotator "NA"]
[PlyCount "62"]
[EventDate "2019.08.17"]
[EventType "swiss"]
[EventCountry "POL"]
[SourceTitle "playchess.com"]
[Source "ChessBase"]
[SourceQuality "1"]
[TimeControl "40/5400+30:1800+30"]

1. d4 {[%emt 0:00:00]} Nf6 {[%emt 0:02:43]} 2. Nf3 {[%emt 0:00:26]} d6 {[%emt 0:00:11]} 3. Bf4 {[%emt 0:04:15]} Nbd7 {[%emt 0:03:07]} 4. e3 {[%emt 0:00:12]} g6 {[%emt 0:02:13]} 5. Bc4 {[%emt 0:04:26]} e6 {[%emt 0:00:38]} 6. Nbd2 {[%emt 0:03:19]} Bg7 {[%emt 0:00:13]} 7. Qe2 {[%emt 0:03:24]} O-O {[%emt 0:00:22]} 8. O-O-O {[%emt 0:04:51]} a6 {[%emt 0:00:35]} 9. Rhg1 {[%emt 0:05:53]} b5 {[%emt 0:01:02]} 10. Bb3 {[%emt 0:00:16]} Nb6 {[%emt 0:14:43]} 11. c3 {[%emt 0:04:58]} a5 {[%emt 0:00:48]} 12. Qxb5 $19 {[%emt 0:04:13]} (12. Bg5 $17) 12... a4 {[%emt 0:04:24]} 13. Bc2 {[%emt 0:00:14]} Nfd5 {[%emt 0:03:41]} 14. Qf1 {[%emt 0:08:32]} a3 {[%emt 0:01:25]} 15. Bb3 {[%emt 0:01:07]} axb2+ {[%emt 0:00:30]} 16. Kc2 {[%emt 0:00:06]} Ba6 {[%emt 0:01:20]} 17. Qe1 {[%emt 0:05:02]} c5 {[%emt 0:00:42]} 18. Bxd6 {[%emt 0:03:19]} Qxd6 {[%emt 0:03:22]} 19. Ne4 {[%emt 0:03:28]} Qc7 {[%emt 0:00:18]} 20. Nxc5 {[%emt 0:00:47]} Nc4 {[%emt 0:10:04]} 21. h4 {[%emt 0:06:07]} b1=Q+ {[%emt 0:01:32]} 22. Kxb1 {[%emt 0:00:53]} Nxc3+ {[%emt 0:00:52]} 23. Qxc3 {[%emt 0:02:52]} Qxc5 {[%emt 0:00:05]} 24. Rc1 {[%emt 0:01:42]} Qb6 {[%emt 0:00:18]} 25. Ka1 {[%emt 0:01:13]} Na5 {[%emt 0:00:09]} 26. Rb1 {[%emt 0:00:40]} Nxb3+ {[%emt 0:00:22]} 27. Rxb3 {[%emt 0:00:27]} Qa7 {[%emt 0:00:45]} 28. Ra3 {[%emt 0:00:03]} Rfc8 {[%emt 0:00:11]} 29. Qa5 {[%emt 0:00:34]} Bf8 {[%emt 0:00:58]} 30. Ra4 {[%emt 0:00:33]} Qb7 {[%emt 0:00:16]} 31. Qe5 {[%emt 0:03:09]} Rab8 {[%emt 0:00:12]} 0-1